000 nam a22 7a 4500
999 _c7882
_d7882
008 171107b xxu||||| |||| 00| 0 eng d
020 _a9788172160883
100 _aMal.B.
_94353
245 _aCoaching Football Pro
260 _aNew Delhi
_bFriends
_c2004